<?xml version="1.0" encoding="UTF-8"?>
<record
    xmlns:xsi="http://www.w3.org/2001/XMLSchema-instance"
    xsi:schemaLocation="http://www.loc.gov/MARC21/slim http://www.loc.gov/standards/marcxml/schema/MARC21slim.xsd"
    xmlns="http://www.loc.gov/MARC21/slim">

  <leader>01131nam a22003137a 4500</leader>
  <controlfield tag="005">20240530110448.0</controlfield>
  <controlfield tag="008">150502s2011    ua ao  f      000 0 ara d</controlfield>
  <datafield tag="017" ind1=" " ind2=" ">
    <subfield code="a">2010/21856</subfield>
    <subfield code="b">&#x645;&#x635;&#x631;. &#x62F;&#x627;&#x631; &#x627;&#x644;&#x643;&#x62A;&#x628; &#x627;&#x644;&#x645;&#x635;&#x631;&#x64A;&#x629;</subfield>
  </datafield>
  <datafield tag="020" ind1=" " ind2=" ">
    <subfield code="a">9789774950537</subfield>
  </datafield>
  <datafield tag="040" ind1=" " ind2=" ">
    <subfield code="a">EG-CaGPL</subfield>
  </datafield>
  <datafield tag="082" ind1="0" ind2="4">
    <subfield code="2">21</subfield>
    <subfield code="a">070.43\</subfield>
    <subfield code="b">&#x633; &#x625;</subfield>
  </datafield>
  <datafield tag="100" ind1="0" ind2=" ">
    <subfield code="a">&#x633;&#x627;&#x645;&#x64A;&#x629; &#x627;&#x628;&#x648; &#x627;&#x644;&#x646;&#x635;&#x631; .</subfield>
  </datafield>
  <datafield tag="245" ind1="1" ind2="0">
    <subfield code="a">&#x627;&#x628;&#x62D;&#x627;&#x631; &#x641;&#x649; &#x639;&#x642;&#x648;&#x644; &#x627;&#x644;&#x635;&#x641;&#x648;&#x629; &#x627;&#x644;&#x645;&#x635;&#x631;&#x64A;&#x629; /</subfield>
    <subfield code="c">&#x633;&#x627;&#x645;&#x64A;&#x629; &#x627;&#x628;&#x648; &#x627;&#x644;&#x646;&#x635;&#x631; &#x61B; &#x62A;&#x642;&#x62F;&#x64A;&#x645; &#x641;&#x627;&#x631;&#x648;&#x642; &#x62C;&#x648;&#x64A;&#x62F;&#x629; .</subfield>
  </datafield>
  <datafield tag="250" ind1=" " ind2=" ">
    <subfield code="a">&#x637;1.</subfield>
  </datafield>
  <datafield tag="260" ind1=" " ind2=" ">
    <subfield code="a">&#x627;&#x644;&#x642;&#x627;&#x647;&#x631;&#x629; : </subfield>
    <subfield code="b">&#x62F;&#x627;&#x631; &#x627;&#x644;&#x639;&#x627;&#x644;&#x645; &#x627;&#x644;&#x639;&#x631;&#x628;&#x649; &#x60C; </subfield>
    <subfield code="c">2011.</subfield>
  </datafield>
  <datafield tag="300" ind1=" " ind2=" ">
    <subfield code="a">277 &#x635; : </subfield>
    <subfield code="b">&#x635;&#x648;&#x631; &#x61B;</subfield>
    <subfield code="c">22 &#x633;&#x645;.</subfield>
  </datafield>
  <datafield tag="600" ind1="0" ind2=" ">
    <subfield code="a">&#x627;&#x62D;&#x645;&#x62F; &#x632;&#x648;&#x64A;&#x644;.</subfield>
  </datafield>
  <datafield tag="600" ind1="0" ind2=" ">
    <subfield code="a">&#x646;&#x635;&#x631; &#x641;&#x631;&#x64A;&#x62F; &#x648;&#x627;&#x635;&#x644;.</subfield>
  </datafield>
  <datafield tag="600" ind1="0" ind2=" ">
    <subfield code="a">&#x627;&#x644;&#x646;&#x628;&#x648;&#x649; &#x627;&#x633;&#x645;&#x627;&#x639;&#x64A;&#x644;.</subfield>
  </datafield>
  <datafield tag="600" ind1="0" ind2=" ">
    <subfield code="a">&#x628;&#x637;&#x631;&#x633; &#x63A;&#x627;&#x644;&#x649;.</subfield>
  </datafield>
  <datafield tag="600" ind1="0" ind2=" ">
    <subfield code="a">&#x645;&#x62C;&#x62F;&#x649; &#x64A;&#x639;&#x642;&#x648;&#x628;.</subfield>
  </datafield>
  <datafield tag="600" ind1="0" ind2=" ">
    <subfield code="a">&#x627;&#x62D;&#x645;&#x62F; &#x639;&#x645;&#x631; &#x647;&#x627;&#x634;&#x645;.</subfield>
  </datafield>
  <datafield tag="650" ind1="0" ind2="4">
    <subfield code="a">&#x627;&#x644;&#x635;&#x62D;&#x627;&#x641;&#x629;</subfield>
    <subfield code="x">&#x62A;&#x62D;&#x631;&#x64A;&#x631;</subfield>
  </datafield>
  <datafield tag="650" ind1="0" ind2="4">
    <subfield code="a">&#x627;&#x644;&#x645;&#x642;&#x627;&#x628;&#x644;&#x627;&#x62A; &#x627;&#x644;&#x635;&#x62D;&#x641;&#x64A;&#x629;</subfield>
  </datafield>
  <datafield tag="650" ind1="0" ind2="4">
    <subfield code="a">&#x627;&#x644;&#x635;&#x62D;&#x627;&#x641;&#x629; &#x627;&#x644;&#x645;&#x635;&#x631;&#x64A;&#x629;</subfield>
  </datafield>
  <datafield tag="700" ind1="0" ind2=" ">
    <subfield code="a">&#x641;&#x627;&#x631;&#x648;&#x642; &#x62C;&#x648;&#x64A;&#x62F;&#x629; </subfield>
    <subfield code="e">&#x645;&#x642;&#x62F;&#x645;</subfield>
  </datafield>
  <datafield tag="942" ind1=" " ind2=" ">
    <subfield code="2">ddc</subfield>
    <subfield code="c">BK</subfield>
  </datafield>
  <datafield tag="999" ind1=" " ind2=" ">
    <subfield code="c">61197</subfield>
    <subfield code="d">61197</subfield>
  </datafield>
  <datafield tag="952" ind1=" " ind2=" ">
    <subfield code="0">0</subfield>
    <subfield code="1">0</subfield>
    <subfield code="4">0</subfield>
    <subfield code="7">0</subfield>
    <subfield code="a">CAI</subfield>
    <subfield code="b">CAI</subfield>
    <subfield code="d">2015-05-02</subfield>
    <subfield code="l">0</subfield>
    <subfield code="o">070.43\ &#x633; &#x625;</subfield>
    <subfield code="p">160429</subfield>
    <subfield code="r">2015-05-02 00:00:00</subfield>
    <subfield code="w">2015-05-02</subfield>
    <subfield code="y">BK</subfield>
  </datafield>
</record>
